Kúpele Korytnica

Zobrazenie: Pohľad v bielom orámovaní z diaľky na prameň, kaviareň vpravo v pozadí a kúpeľné domy skryté za stromami vľavo v pozadí

Bibliographic Details
Format: Postcard
Language:Slovak
PhysicalDescription:1 pohľadnica čiernobiela 10 x 14 cm
Published: [Bratislava?] [Slovakotour?] [medzi 1939 a 1945?]
Subjects:

MARC

LEADER 00000ckm a2200000 a 4500
001 vtls011602896
003 SK-MaSNL
005 20260512124042.0
007 kp bo
008 230718q1939 xo g kuslo
015 |a SNBG 
035 |a urn:nbn:sk:snk-km00dvpx 
035 |a urn:nbn:sk:snk-km3lsc5 
035 |a B2A3059B-4BF5-4B9F-A6EB-1B63378EEA4F 
040 |a SNK  |b slo  |c SNK  |e AACR2 
041 0 |a slo 
043 |a e-xo--- 
044 |a xo  |c SK 
072 7 |a 913  |x Regionálna geografia  |2 konspekt 
080 |a (084.121)  |2 2011 
080 |a 913(437.6)  |2 2001 
080 |a 913(437.6)  |2 2011 
080 |a 640.442  |2 2011 
080 |a 711.455:615.838  |2 2011 
080 |a 725.1:615.838  |2 2011 
245 0 0 |a Kúpele Korytnica  |h grafika 
260 |a [Bratislava?]  |b [Slovakotour?]  |c [medzi 1939 a 1945?] 
300 |a 1 pohľadnica  |b čiernobiela  |c 10 x 14 cm 
500 |a Vydavateľské údaje určené na základe známky Slovakotouru v adresnej časti 
520 8 |a Zobrazenie: Pohľad v bielom orámovaní z diaľky na prameň, kaviareň vpravo v pozadí a kúpeľné domy skryté za stromami vľavo v pozadí 
610 2 7 |a Korytnica (Slovensko : kúpele)  |2 SNKKA  |9 179012 
650 0 7 |a kaviarne  |2 SNKPH  |9 29586 
650 0 7 |a kúpele  |2 SNKPH  |9 1139 
650 0 7 |a kúpeľné budovy  |2 SNKPH  |9 102104 
651 7 |a Korytnica (Liptovská Osada, Slovensko)  |2 SNKPHgeo  |9 238494 
655 7 |a miestne pohľadnice  |2 SNKPH  |9 70510 
852 |a Slovenská národná knižnica 
954 |a pohľadnice pôvodné (slovenské)  |2 lita 
958 |a OND 
958 |a GBN 
958 |a GC 
958 |a EUIPO 
999 |c 849049  |d 850979 
952 |a SNK  |b SNK  |y PREZ  |7 0  |p 17A1212604  |o snkSP 15640  |z Pohľadnica prešla poštou. ; Pohľadnica má na adresnej časti známku Slovakotouru v hodnote 20 h.  |0 0  |1 0  |4 0  |d 2017-01-09  |f 1  |l 0  |r 2026-02-24 04:36:35  |w 2026-02-24